000 01085nam a2200229 i 4500
001 114460
003 ES-MaACL
005 20250809054903.0
007 t|
008 070301m19711973sp ||||1| spa d
100 1 _aPuig Peña, Federico.
_994273
245 1 0 _aTratado de derecho civil español /
_cFederico Puig Peña.
250 _aNueva ed. actualizada.
260 _aMadrid :
_bRevista de Derecho Privado,
_c[1971-1973]
300 _a5 v. ;
_c24 cm.
490 1 _aGrandes tratados generales de derecho privado y público. Serie C
505 8 _aContiene: T. 2. Derecho de familia, pte. 2. Paternidad y filiación -- t. 3. Derechos reales, pte. 1. Teoría general de los derechos reales ; pte. 2. Hipoteca -- t. 4. Obligaciones y contratos, pte. 2. De los contratos y demás fuentes de la obligación -- t. 5. Sucesiones, pte. 1. Teoría general de las sucesiones
650 1 4 _aDerecho civil-
_zEspaña
_911659
830 0 0 _aGrandes tratados generales de derecho privado y público
_9233176
852 _aES-MaACL
_jP-1666
_bR.77621
999 _c114460
_d114460